00727nam a22002057a 45000050016000000100014000160200026000300350013000560370013000690820014000822450110000962600042002062700080002483000039003285000050003677000036004177000023004539420028004769990017005042010080401181.0 aENG-98133 a9788170392712c400.00 aEN-81666 bDBAD/PUB a230.31954 aThe iconic female :bgoddesses of India, Nepal and Tibet /cby Jayant Bhalchandra Bapat [and] Ian Mabbett aNew DelhibSomaiya Publicationsc2008 a6th floor, Bank of Baroda Building, 16 Parliament StreetbNew Delhie110001 axiv, 230p.c22cm (Hb)eb&w photoes aincludes bibliographical references and index aBhalchandra Bapat, Jayant96091 aMabbett, Ian96092 2ddccENh230.31954mICO c39245d39245